000 00695nam a2200217Ia 4500
005 20221031101344.0
008 210716s2011 xx 000 0 und d
020 _a9788132203483
040 _cAIMIT LIBRARY
041 _aeng
082 _a621.3821
_21
_bCAMR
100 _aCameron, Rob.
_960568
245 _aPro windows phone 7 development /
_cBy Rob Cameron.
250 _a1st ed.
260 _aNew Delhi :
_bApress ,
_c2011.
300 _axvi,464p. ;
_c23.5 cm.
650 _aIntroduction to windows phone 7 and marketplace
_960575
650 _aWindows phone 7 programming model
_960576
650 _aAdvanced XNA framework development
_960577
942 _2ddc
_cBK
_e1st
_k621.3821 CAMR
999 _c192732
_d192732